H. Gordon Skilling : život a dílo : katalog k výstavě = life and work : an exhibition catalogue /

Hlavní autor: Hanáková, Jitka, 1962-
Korporativní autor: Museum Kampa (Praha, Česko)
Další autoři: Prečan, Vilém, 1933-
Jazyk: Čeština
Angličtina
Vydáno: Praha : Československé dokumentační středisko :Národní muzeum, 2012
Vydání: Vyd. 1.
Témata:
Fyzický popis: 103 s. : il. (převážně barev.), portréty, faksim. ; 27 cm
Language note: Souběžný anglický text
Knihy
Uloženo v:
LEADER 02265nam a2200541 a 4500
001 nkc20122372413
003 CZ PrNK
005 20120725083646.0
007 ta
008 120612s2012 xr ach e c 000 0dcze
015 |a cnb002372413 
020 |a 978-80-904228-7-2  |q (Československé dokumentační středisko ;  |q v knize neuvedeno ;  |q brož.)  |z 978-80-904228-6-5 
020 |a 978-80-7036-347-8  |q (Národní muzeum ;  |q brož.) 
035 |a (OCoLC)806199830 
040 |a ABA001  |b cze 
041 1 |a cze  |a eng  |h cze 
043 |a n-cn--- 
045 |a x1y0 
072 7 |a 930  |x Historická věda. Pomocné vědy historické. Archivnictví  |2 Konspekt  |9 8 
080 |a 930-051  |2 MRF 
080 |a 321-051  |2 MRF 
080 |a (71)  |2 MRF 
080 |a (083.824)  |2 MRF 
100 1 |a Hanáková, Jitka,  |d 1962-  |7 mzk2011662598  |4 aut 
245 1 0 |a H. Gordon Skilling :  |b život a dílo : katalog k výstavě = life and work : an exhibition catalogue /  |c Jitka Hanáková, Vilém Prečan 
246 1 4 |a Gordon Skilling 
250 |a Vyd. 1. 
260 |a Praha :  |b Československé dokumentační středisko :  |b Národní muzeum,  |c 2012 
300 |a 103 s. :  |b il. (převážně barev.), portréty, faksim. ;  |c 27 cm 
500 |a Pub. vydaná u příležitosti 100. výročí narození G. Skillinga k výstavě konané 30.5.-5.8.2012 v Muzeu Kampa 
500 |a 500 výt. 
504 |a Obsahuje bibliografické odkazy 
546 |a Souběžný anglický text 
600 1 7 |a Skilling, H. Gordon  |q (Harold Gordon),  |d 1912-2001  |7 jn19990008015  |2 czenas 
648 7 |a 20. století  |7 ch460558  |2 czenas 
650 0 7 |a historici  |7 ph114665  |z Kanada  |y 20. století  |2 czenas 
650 0 7 |a politologové  |7 ph124263  |z Kanada  |y 20. století  |2 czenas 
650 0 9 |a historians  |z Canada  |y 20th century  |2 eczenas 
650 0 9 |a political scientists  |z Canada  |y 20th century  |2 eczenas 
655 7 |a katalogy výstav  |7 fd132536  |2 czenas 
655 9 |a exhibition catalogs  |2 eczenas 
700 1 |a Prečan, Vilém,  |d 1933-  |7 jk01101002  |4 aut 
710 2 |a Museum Kampa (Praha, Česko)  |7 kn20020906013 
910 2 |a BOA001  |b 3-1287.541 
990 |a BK 
995 |a 01 
991 |b 201206  |c NOV  |e n 
996 6 |b 2610513826  |c 3-1287.541  |l MZK  |r Sklad / do 1 hodiny  |n 0  |p p.v.  |w 001255527  |u 000010  |a 1  |e BOA001  |j MZK50  |s P